000 00793namaa2200277 a 4500
001 vtls001296168
003 NLI
005 20210603182157.0
008 120418s1979 nyu i000 0 eng
039 9 _y201204181845
_zVLOAD
040 0 _aNLI
_cVTLS-2012_FOD
_eAACR2
041 0 _aeng
044 _anyu
082 0 4 _a382
110 2 _aUnited Nations Conference on Trade and Development
245 1 0 _aTrade and development board on its tenth special session :
_bofficial records
260 _aGeneva :
_bUnited Nations,
_c1987
300 _aVarious pagings ;
_c28 cm.
650 0 _aBusiness
650 0 _aInternational trade
_95607
650 0 _aCountertrade
_9372213
887 _a
901 _aUN-15337
_b28.03.1980
902 _aU.N 382 Un 3
942 _2ddc
_cBKS
999 _aVIRTUA40
_c552829
_d552829